O zrkadle identity firmy

Corporate image (podniková identita) poskytuje firme odpoveď na otázku, ako je vnímaná verejnosťou a či jej smerovanie je v súlade so zámermi vedenia. Vzťah imidžu a CI. Situácia, keď imidž je lepší ako skutočnosť. Situácia, keď imidž je horší ako skutočnosť. Tvorba cieľového imidžu.

Enregistré dans:
Détails bibliographiques
Auteur principal: Jaššo, Matej
Format: Chapitre de livre
Langue:slovaque
Sujets:
Tags: Ajouter un tag
Pas de tags, Soyez le premier à ajouter un tag!

MARC

LEADER 00000naa a2200000 4500
001 r039539
005 20231002131153.4
041 0 |a slo 
044 |a SK 
245 1 0 |a O zrkadle identity firmy  |c Matej Jaššo 
520 |a Corporate image (podniková identita) poskytuje firme odpoveď na otázku, ako je vnímaná verejnosťou a či jej smerovanie je v súlade so zámermi vedenia. Vzťah imidžu a CI. Situácia, keď imidž je lepší ako skutočnosť. Situácia, keď imidž je horší ako skutočnosť. Tvorba cieľového imidžu. 
610 2 0 |a identita podniková 
610 2 0 |a imidž 
610 2 0 |a firmy 
100 1 |a Jaššo, Matej